MARC details
| 000 -CABECERA |
| campo de control de longitud fija |
02015 am a2200289 i 4500 |
| 001 - NÚMERO DE CONTROL |
| campo de control |
8702879 |
| 003 - IDENTIFICADOR DEL NÚMERO DE CONTROL |
| campo de control |
CaAEU |
| 008 - DATOS DE LONGITUD FIJA--INFORMACIÓN GENERAL |
| campo de control de longitud fija |
190731s2019 enka 000 0 eng d |
| 020 ## - NÚMERO INTERNACIONAL ESTÁNDAR DEL LIBRO |
| Número Internacional Estándar del Libro |
9781786273963 |
| Información calificativa |
paperback |
| 035 ## - NÚMERO DE CONTROL DEL SISTEMA |
| Número de control de sistema |
on1091650445 |
| 040 ## - FUENTE DE LA CATALOGACIÓN |
| Centro catalogador/agencia de origen |
UKMGB |
| Lengua de catalogación |
eng |
| Normas de descripción |
rda |
| Centro/agencia transcriptor |
UKMGB |
| Centro/agencia modificador |
OCLCO |
| -- |
OCLCF |
| -- |
YDX |
| -- |
AGPC |
| 050 #4 - SIGNATURA TOPOGRÁFICA DE LA BIBLIOTECA DEL CONGRESO |
| Número de clasificación |
NC1000 |
| Número de documento/Ítem |
.C87 2019 |
| 100 ## - ENTRADA PRINCIPAL--NOMBRE DE PERSONA |
| Nombre de persona |
Cure, Sophie, |
| Término indicativo de función/relación |
author. |
| 9 (RLIN) |
24848 |
| 245 10 - MENCIÓN DE TÍTULO |
| Título |
Graphic design play book |
| Resto del título |
: an exploration of visual thinking |
| Mención de responsabilidad, etc. |
/ Sophie Cure, Aurélien Farina ; translated by Philippa Hurd. |
| 264 #1 - PRODUCCIÓN, PUBLICACIÓN, DISTRIBUCIÓN, FABRICACIÓN Y COPYRIGHT |
| Producción, publicación, distribución, fabricación y copyright |
London : |
| Nombre del de productor, editor, distribuidor, fabricante |
Laurence King Publishing Ltd., |
| Fecha de producción, publicación, distribución, fabricación o copyright |
[2019] |
| 300 ## - DESCRIPCIÓN FÍSICA |
| Extensión |
80 pages : |
| Otras características físicas |
illustrations (some color) ; |
| Dimensiones |
25 cm |
| 500 ## - NOTA GENERAL |
| Nota general |
Cover title. |
| 500 ## - NOTA GENERAL |
| Nota general |
Sheets of stencils, stickers, and paper in back pocket. |
| 500 ## - NOTA GENERAL |
| Nota general |
Includes sticker, stensils, etc. in the center of the book. |
| 520 ## - SUMARIO, ETC. |
| Sumario, etc. |
"An entertaining and highly original introduction to graphic design, this beautifully designed book uses puzzles and visual challenges to demonstrate how typography, signage, posters and branding work. Through a series of games and activities, including spot the difference, matching games, drawing and dot-to-dot, readers are introduced to concepts and techniques in an engaging and interactive way. Further explanation and information is provided by solution pages and a glossary, and a loose-leaf section contains stickers, die-cut templates, and coloured paper to help readers complete the activities. Illustrated with typefaces, posters and pictograms by distinguished designers including Otl Aicher, Pierre Di Sciullo, Otto Neurath and Gerd Arntz, the book will be enjoyed both by graphic designers, and anyone interested in finding out more about visual communication." -- |
| Fuente proveedora |
Provided by publisher. |
| 650 #0 - PUNTO DE ACCESO ADICIONAL DE MATERIA--TÉRMINO DE MATERIA |
| Término de materia o nombre geográfico como elemento de entrada |
Graphic arts |
| Subdivisión de forma |
Problems, exercises, etc. |
| 650 #0 - PUNTO DE ACCESO ADICIONAL DE MATERIA--TÉRMINO DE MATERIA |
| Término de materia o nombre geográfico como elemento de entrada |
Graphic design (Typography) |
| Subdivisión de forma |
Problems, exercises, etc. |
| 650 #0 - PUNTO DE ACCESO ADICIONAL DE MATERIA--TÉRMINO DE MATERIA |
| Término de materia o nombre geográfico como elemento de entrada |
Graphic arts |
| 9 (RLIN) |
23747 |
| 700 ## - ENTRADA AGREGADA--NOMBRE PERSONAL |
| Nombre de persona |
Farina, Aurélien, |
| Término indicativo de función/relación |
author. |
| 9 (RLIN) |
24850 |
| 700 ## - ENTRADA AGREGADA--NOMBRE PERSONAL |
| Nombre de persona |
Hurd, Philippa, |
| Término indicativo de función/relación |
translator. |
| 9 (RLIN) |
24851 |
| 942 ## - ELEMENTOS DE ENTRADA AGREGADA (KOHA) |
| Fuente del sistema de clasificación o colocación |
Clasificación de Library of Congress |